How old is my house? (Record no. 84796)
[ view plain ]
| 000 -LEADER | |
|---|---|
| fixed length control field | 00748cam a22002055a 4500 |
| 001 - CONTROL NUMBER | |
| control field | L159085 |
| 008 - FIXED-LENGTH DATA ELEMENTS--GENERAL INFORMATION | |
| fixed length control field | 110725c2014 xxkqr m s s 000 0 eng d |
| 035 ## - SYSTEM CONTROL NUMBER | |
| System control number | (Sirsi) u159085 |
| 041 0# - LANGUAGE CODE | |
| Language code of text/sound track or separate title | eng |
| 100 1# - MAIN ENTRY--PERSONAL NAME | |
| Personal name | Ramsay, Frank |
| 245 00 - TITLE STATEMENT | |
| Title | How old is my house? |
| Medium | [electronic resource] |
| 260 ## - PUBLICATION, DISTRIBUTION, ETC. | |
| Name of publisher, distributor, etc. | Land Registry |
| Date of publication, distribution, etc. | 2014- |
| 520 ## - SUMMARY, ETC. | |
| Summary, etc. | Clarifies which records are kept in Land Registry and summarises what other ways and resources are available when searching the age of the house. |
| 650 24 - SUBJECT ADDED ENTRY--TOPICAL TERM | |
| Topical term or geographic name entry element | HM LAND REGISTRY |
| 651 ## - SUBJECT ADDED ENTRY--GEOGRAPHIC NAME | |
| Geographic name | United Kingdom |
| Chronological subdivision | |
| 690 ## - LOCAL SUBJECT ADDED ENTRY--TOPICAL TERM (OCLC, RLIN) | |
| Topical term or geographic name as entry element | Residential property |
| 9 (RLIN) | 6266 |
| 710 2# - ADDED ENTRY--CORPORATE NAME | |
| Corporate name or jurisdiction name as entry element | Land Registry |
| 9 (RLIN) | 5885 |
| 856 48 - ELECTRONIC LOCATION AND ACCESS | |
| Uniform Resource Identifier | <a href="https://blog.landregistry.gov.uk/how-old-is-my-house/">https://blog.landregistry.gov.uk/how-old-is-my-house/</a> |
| Public note | View the article at blog.landregistry.gov.uk |
| 942 ## - ADDED ENTRY ELEMENTS (KOHA) | |
| Suppress in OPAC | 0 |
| Withdrawn status | Lost status | Source of classification or shelving scheme | Damaged status | Not for loan | Home library | Current library | Shelving location | Date acquired | Total Checkouts | Full call number | Barcode | Date last seen | Copy number | Price effective from | Koha item type |
|---|---|---|---|---|---|---|---|---|---|---|---|---|---|---|---|
| Dewey Decimal Classification | Virtual | Virtual | Online | 13/01/2016 | ONLINE PUBLICATION | 159085-2001 | 06/08/2019 | 1 | 06/08/2019 | Journal article |